header

The Civil War income tax and the Republican Party, 1861-1872 (Record no. 116625)

MARC details
000 -LEADER
fixed length control field 01700nam a2200361 a 4500
082 04 - DEWEY DECIMAL CLASSIFICATION NUMBER
Classification number 336.240973/09034
100 1# - MAIN ENTRY--AUTHOR NAME
Personal name Shepard, Christopher Michael.
245 14 - TITLE STATEMENT
Title The Civil War income tax and the Republican Party, 1861-1872
260 ## - PUBLICATION, DISTRIBUTION, ETC. (IMPRINT)
Place of publication New York :
Name of publisher Algora Pub.,
Year of publication c2010.
300 ## - PHYSICAL DESCRIPTION
Number of Pages 196 p.
505 0# - FORMATTED CONTENTS NOTE
Formatted contents note The American system -- Formation of the Republican Party -- First federal income tax, 1861 -- The revision of 1862 -- The 1864 tax law -- The attempt of a flat tax rate, 1865-1868 -- A deep divide, 1870 -- One last try, 1871 -- Republicans since 1872.
650 #0 - SUBJECT ADDED ENTRY--TOPICAL TERM
Topical Term Income tax
856 40 - ELECTRONIC LOCATION AND ACCESS
Uniform Resource Identifier http://site.ebrary.com/lib/rucke/Doc?id=10476817

No items available.

© 2026 Rongo University
Contact us: librarian | system librarian | Rongo university